000 00471pam a2200157a 44500
008 230515b1993 xxu||||| |||| 00| 0 eng d
020 _aNULL
041 _aENGL
082 _a361.8 JES.
100 _a"JESANI A.,"
245 _aSOME ISSUES IN THE COMMUNITY PARTICIPATION IN HEALTH CARE SERVICES
250 _a0
260 _aBOMBAY
_bFOUNDATION FOR RESEARCH IN COMMUNITY HEALTH
_c1993
300 _aNULL
650 _a"SOCIAL PROBLEM & SOCIAL WELFARE,COMMUNITY ACTION"
999 _c538905
_d538905